Ninte Ormakku_Malayalam (Record no. 38108)
[ view plain ]
| 000 -LEADER | |
|---|---|
| fixed length control field | 01894nam a22001937a 4500 |
| 020 ## - INTERNATIONAL STANDARD BOOK NUMBER | |
| ISBN | 9788126422180 |
| 082 ## - DEWEY DECIMAL CLASSIFICATION NUMBER | |
| Classification number | 920 VAS |
| 100 ## - MAIN ENTRY--AUTHOR NAME | |
| Personal name | Vasudevan Nair M T |
| 245 ## - TITLE STATEMENT | |
| Title | Ninte Ormakku_Malayalam |
| 250 ## - EDITION STATEMENT | |
| Edition statement | 1 |
| 260 ## - PUBLICATION, DISTRIBUTION, ETC. (IMPRINT) | |
| Name of publisher | DC Books |
| Place of publication | Kottayam |
| Year of publication | 2025 |
| 300 ## - PHYSICAL DESCRIPTION | |
| Number of Pages | Number of pages : 96 |
| 500 ## - GENERAL NOTE | |
| General note | Category : Short Stories, Best Sellers |
| 520 ## - SUMMARY, ETC. | |
| Summary, etc | เดตเดฟเดณเดฑเดฟเดฏ เดตเดเตเดเดฎเตเดเดตเตเด เดตเดฟเดเดฐเตโเดจเตเดจ เดเดฃเตเดฃเตเดเดณเตเด เดเดดเตเดคเตเดคเตเดตเดฐเต เดตเดณเดฐเตโเดจเตเดจเต เดเตเดฐเตเดฃเตเด เดเตเดฎเตเดชเดจเตโเดฎเตเดเดฟเดฏเตเดฎเตเดณเตเดณ เดเดฐเต เดชเตเดฃเตโเดเตเดเตเดเดฟ... เด เดเตเดเดจเตโ เด เดตเดณเตเดเตเดจเตเดคเต เดชเดฑเดเตเดเต. เดเดจเดฟเดเตเดเดเตเดเดพเดคเดฎเดพเดฏเดฟเดฐเตเดจเตเดจเต เด เดญเดพเดท. เด เดตเดณเตโ เดคเดฒ เดเตเดฒเตเดเตเดเดฟ... เดเดจเตเดจเดฟเดเตเดเต เดชเดคเตเดเตเดเต เดเดฎเตเดฎเดฑเดเตเดเตเดฒเดพเดฏเดฟเดฒเตเดเตเดเต เดเดฏเดฑเดฟ, เด เดฎเตเดชเดฐเดชเตเดชเตเดเต เดจเดฟเดจเตเดจเต. เด เดธเดฟเดเดนเดณเดชเตเดชเตเดฃเตเดฃเต เดธเดนเตเดฆเดฐเดฟเดฏเดพเดฃเต... เดเดฐเต เดชเดจเตเดคเตเดฐเดพเดฃเตเดเดฟเดจเตเดถเตเดทเด เด เดตเดณเตเดเตเดเตเดฑเดฟเดเตเดเต เดเดฐเตโเดคเตเดคเตเดชเตเดฏเดฟ. เดเดฐเต เดชเดฟเดฑเดจเตเดจเดพเดณเดฟเดจเตเดฑเต เดเตผเดฎเตเดฎ, เดตเดณเตผเดคเตเดคเตเดฎเตเดเดเตเดเตพ, เดจเดฟเดจเตเดฑเต เดเตผเดฎเตเดฎเดฏเตเดเตเดเต, เดฎเดฐเดฃเดคเตเดคเดฟเดจเตเดฑเต เดเตเดคเตเดคเตเดฑเตเดฑเต, เดเตเดเตเดเดฏเตเดเต เดจเดฟเดดเตฝ, เดเดชเตเดชเตเตพ เดเดจเตเดจเต เดเดฑเต เดเดฅเดเดณเตเดเต เดธเดฎเดพเดนเดพเดฐเด. เดฎเดจเดธเตเดธเดฟเดจเต เดชเดฟเดเดฟเดเตเดเตเดฒเดฏเตเดเตเดเตเดจเตเดจ เดเดคเตเดฎเดจเตเดฎเตเดชเดฐเดเตเดเดณเดพเดฃเต เด เดเดฅเดเดณเตเดฐเตเดจเตเดจเตเด. |
| 546 ## - LANGUAGE NOTE | |
| Language note | Language : Malayalam |
| 650 ## - SUBJECT ADDED ENTRY--TOPICAL TERM | |
| Topical Term | GEN |
| 942 ## - ADDED ENTRY ELEMENTS (KOHA) | |
| Koha item type | Text Book |
| 952 ## - LOCATION AND ITEM INFORMATION (KOHA) | |
| Damaged status | |
| Not for loan | |
| Withdrawn status | Collection code | Permanent Location | Current Location | Date acquired | Source of acquisition | Cost, normal purchase price | Inventory number | Full call number | Accession Number | Price effective from | Koha item type |
|---|---|---|---|---|---|---|---|---|---|---|---|
| GENERAL | VAST Central Library | VAST Central Library | 25/11/2025 | DC Bookshop,Thrissur | 130.00 | 000729 | 920 VAS | 38250 | 18/12/2025 | Text Book |